Del hombre comunitario al hombre competitivo /
Guardado en:
| Autor Principal: | |
|---|---|
| Formato: | Libro |
| Idioma: | Spanish |
| Publicado: |
Bahía Blanca :
EdiUNS,
1997.
|
| Series: | Docencia
|
| Etiquetas: |
Agregar Etiqueta
Sin Etiquetas, Sea el primero en etiquetar este registro!
|
| LEADER | 00502nam a22001695a 4500 | ||
|---|---|---|---|
| 001 | EEA.libagro005739 | ||
| 005 | 20161012105137.0 | ||
| 008 | 130809s1997####ag############000#0#spa#d | ||
| 020 | |a 9879635744 | ||
| 082 | 0 | 4 | |a 303 |
| 082 | 0 | 4 | |a 128 |
| 100 | 1 | |a López, Ricardo Vicente. | |
| 245 | 1 | 0 | |a Del hombre comunitario al hombre competitivo / |c Ricardo Vicente López. |
| 260 | |a Bahía Blanca : |b EdiUNS, |c 1997. | ||
| 300 | |a 74 p. ; |c 24 cm. | ||
| 490 | 1 | |a Docencia | |
| 859 | |a AR-BbBCA |b BIB. AGRONOMIA |h 303 |i L864 |p 1997/3083 | ||
